There's more than one way to skin an office (Record no. 77380)
[ view plain ]
| 000 -LEADER | |
|---|---|
| fixed length control field | 01206cab a2200229 4500 |
| 001 - CONTROL NUMBER | |
| control field | ##L134121 |
| 008 - FIXED-LENGTH DATA ELEMENTS--GENERAL INFORMATION | |
| fixed length control field | 060712n2006 000 0 eng u |
| 035 ## - SYSTEM CONTROL NUMBER | |
| System control number | (Sirsi) u134121 |
| 041 0# - LANGUAGE CODE | |
| Language code of text/sound track or separate title | eng |
| 100 1# - MAIN ENTRY--PERSONAL NAME | |
| Personal name | Soltani, Sonia |
| 245 00 - TITLE STATEMENT | |
| Title | There's more than one way to skin an office |
| 260 ## - PUBLICATION, DISTRIBUTION, ETC. | |
| Date of publication, distribution, etc. | 2006 |
| 490 #0 - SERIES STATEMENT | |
| Series statement | Building |
| Volume/sequential designation | 271(8438) 7 July 2006, 82-92(8) |
| 520 ## - SUMMARY, ETC. | |
| Summary, etc. | Reports on increasing demand for cladding of high rise buildings with geometrically complex surfaces, concentrating particularly on developments in Aldgate, London and Huntingdon. Other articles look at the latest cladding and curtain wall products, explain how facades can control a building's airflow, heat transfer, lighting and acoustics, examine the whole-life costs and performance of curtain walling, and feature an interview with the architect responsible for the redevelopment of Wembley Park underground station. |
| 590 ## - LOCAL NOTE (RLIN) | |
| Local note | IKA180706 |
| 651 #4 - SUBJECT ADDED ENTRY--GEOGRAPHIC NAME | |
| Geographic name | United Kingdom |
| Chronological subdivision | |
| 690 ## - LOCAL SUBJECT ADDED ENTRY--TOPICAL TERM (OCLC, RLIN) | |
| Topical term or geographic name as entry element | BUILT ENVIRONMENT-BUILDING ELEMENTS-PARTS OF BUILDING ELEMENTS-CARCASS, STRUCTURE AND FABRIC-COVERING AND EXTERNAL FINISHES |
| 700 1# - ADDED ENTRY--PERSONAL NAME | |
| Personal name | Brownrigg, Scott |
| 700 1# - ADDED ENTRY--PERSONAL NAME | |
| Personal name | Mayer, Peter |
| 710 2# - ADDED ENTRY--CORPORATE NAME | |
| Corporate name or jurisdiction name as entry element | Barbour Index |
| 9 (RLIN) | 2548 |
| 942 ## - ADDED ENTRY ELEMENTS (KOHA) | |
| Suppress in OPAC | 0 |
| Withdrawn status | Lost status | Source of classification or shelving scheme | Damaged status | Not for loan | Home library | Current library | Shelving location | Date acquired | Total Checkouts | Full call number | Barcode | Date last seen | Copy number | Price effective from | Koha item type |
|---|---|---|---|---|---|---|---|---|---|---|---|---|---|---|---|
| Dewey Decimal Classification | London | London | Journal article | 12/07/2006 | L134121 | 134121-1001 | 06/08/2019 | 1 | 06/08/2019 | Journal article |